书目信息 |
| 题名: |
空中英豪
|
|
| 作者: | 米勒 著 ;小小冰人 译 | |
| 分册: | 上卷 | |
| 出版信息: | 北京 人民日报出版社 2014 |
|
| 页数: | 373页 | |
| 开本: | 23cm | |
| 丛书名: | ||
| 单 册: | ||
| 中图分类: | E195.2 | |
| 科图分类: | ||
| 主题词: | 第二次世界大战--空战--史料 | |
| 电子资源: | ||
| ISBN: | 978-7-5115-2338-9 | |
| 000 | 01242nam0 2200277 45 | |
| 001 | 012001005806 | |
| 005 | 20181024093554.79 | |
| 010 | @a978-7-5115-2338-9@dCNY114.90 | |
| 100 | @a20140508d2014 em y0chiy50 ea | |
| 101 | 1 | @achi@ceng |
| 102 | @aCN@b110000 | |
| 105 | @aab z 000yy | |
| 106 | @ar | |
| 200 | 1 | @a空中英豪@9kong zhong ying hao@e美国第八航空队对纳粹德国的空中之战@dMasters of the air@eAmerica's bomber boys who fought the air war against Nazi Germany@h上卷@f(美)唐纳德·L. 米勒著@g小小冰人译@zeng |
| 210 | @a北京@c人民日报出版社@d2014 | |
| 215 | @a373页@c照片,地图@d23cm | |
| 300 | @a指文图书 士兵系列 010 | |
| 300 | @a并列题名:Masters of the air | |
| 330 | @a本书深刻描述了二战期间将战火烧至希特勒家门前的美国轰炸机小伙子的故事。作者以小说的叙事能力,将读者带入一场穿越柏林、汉诺威和德累斯顿炮火纵横的天空的冒险之旅,并阐述了德国百姓为轰炸付出的惨重代价。 | |
| 510 | 1 | @aMasters of the air@eAmerica's bomber boys who fought the air war against Nazi Germany@zeng |
| 606 | 0 | @a第二次世界大战@x空战@j史料 |
| 690 | @aE195.2@v5 | |
| 701 | 0 | @c(美)@a米勒@9mi le@c(Miller, Donald L.)@4著 |
| 702 | 0 | @a小小冰人@9xiao xiao bing ren@4译 |
| 801 | 0 | @aCN@b上海新华@c20180901 |
| 905 | @b1168098-100@dE195.2@e109:1@f3 | |
| 空中英豪:美国第八航空队对纳粹德国的空中之战=Masters of the air:America's bomber boys who fought the air war against Nazi Germany.上卷/(美)唐纳德·L. 米勒著/小小冰人译.-北京:人民日报出版社,2014 |
| 373页:照片,地图;23cm |
| 指文图书 士兵系列 010.-并列题名:Masters of the air |
| ISBN 978-7-5115-2338-9:CNY114.90 |
| 本书深刻描述了二战期间将战火烧至希特勒家门前的美国轰炸机小伙子的故事。作者以小说的叙事能力,将读者带入一场穿越柏林、汉诺威和德累斯顿炮火纵横的天空的冒险之旅,并阐述了德国百姓为轰炸付出的惨重代价。 |
| ● |
| 相关链接 |
|
|
|
|
正题名:空中英豪
索取号:E195.2/109:1
 
预约/预借
| 序号 | 登录号 | 条形码 | 馆藏地/架位号 | 状态 | 备注 |
| 1 | 1168098 | 211680983 | 第一样本阅览室/ [索取号:E195.2/109:1] | 在馆 | |
| 2 | 1168099 | 211680992 | 第一借阅区/ [索取号:E195.2/109:1] | 在馆 | |
| 3 | 1168100 | 211681009 | 第一借阅区/ [索取号:E195.2/109:1] | 在馆 |